000 00426nam a22001817a 4500
003 MPLRDC
005 20220104163435.0
008 210129b ||||| |||| 00| 0 eng d
020 _a962-04-0054-2
082 _a870.57 JAN
100 _aJAN AND YVONNE WALLS
245 _aWEST LAKE
_c
250 _a第一版
260 _a
_bJOINT PUBLISHING CO.
_c1980
300 _b
650 _aFICTION
942 _cBK
_o870.57 JAN
999 _c56462
_d56452